| 000 | 00753nam a22002057a 4500 | ||
|---|---|---|---|
| 003 | OSt | ||
| 005 | 20240930115020.0 | ||
| 008 | 240930b ||||| |||| 00| 0 eng d | ||
| 040 | _cAIMIT LIBRARY | ||
| 100 |
_aM P, Arjun. _e2216027 _9180795 |
||
| 245 |
_aInterdependence between Indian stock market and developed economies stock market during and post covid-19 / _cBy Arjun M P; Guided by Gowthami. |
||
| 260 |
_aHonavar; _c2024. |
||
| 650 |
_aResearch methodology _9180796 |
||
| 650 |
_aStatistical tools and techniques for analysis _9180797 |
||
| 650 |
_aData analysis and interpretation _9180798 |
||
| 650 |
_aGranger casuality test _9180799 |
||
| 700 |
_aGowthami _eGuide _9180800 |
||
| 856 | _3GEOJIT Financial Services Ltd. | ||
| 942 |
_2ddc _cPRO |
||
| 999 |
_c231882 _d231882 |
||